000 00913nam a2200229Ia 4500
001 3316
003 GE_BSU
008 181216s||||||||xx |||||||||||||| ||und||
040 _cGE_BSU
080 _a72.4(075.8)
100 _aОрловский,Б.Я. Абрамов,В.К. Сербинович,П.П.
245 _aАрхитектурное проектирование промышленных здании: Архитектурно-композиционные и обьемно-планировочные решения.
245 _bУчеб. пособие
245 _cРед.Т.Ф.Мельнилова.
250 _a2-ое изд., перераб. и доп.
260 _aМ.
260 _bВысш. школа.
260 _c1982.
300 _a279 стр. с илл.
653 _aАрхитектурное проектирование промышленных здании.
942 _cBK
999 _c37357
_d37357